|
|
|
|
| LEADER |
00867nam a2200229 i 4500 |
| 001 |
c000244386 |
| 003 |
CARM |
| 005 |
20100723144005.0 |
| 008 |
840311s1969 nyu 0 eng d |
| 019 |
1 |
|
|a 176094
|z 58085491
|5 LACONCORD2021
|
| 035 |
|
|
|a (OCoLC)18036
|5 LACONCORD2021
|
| 040 |
|
|
|a VLU
|c VLU
|
| 082 |
0 |
4 |
|a 320.944
|
| 100 |
1 |
|
|a Rothney, John Alexander Murray,
|d 1935-
|
| 245 |
1 |
4 |
|a The Brittany Affair and the crisis of the Ancien Regime.
|
| 260 |
|
|
|a New York :
|b Oxford University Press,
|c [1969].
|
| 300 |
|
|
|a 324 p.
|
| 490 |
0 |
|
|a Problems in European history
|
| 651 |
|
0 |
|a France
|x Politics and government
|y 18th century.
|
| 852 |
8 |
|
|b CARM
|h A2:AR01F0
|i B06967
|p 0336527
|f BK
|
| 999 |
f |
f |
|i add9d129-0a4e-5a4b-bebf-72994c621741
|s 25a80ba2-4da3-56f1-bcb7-32dd6d4d4bc7
|
| 952 |
f |
f |
|p Can circulate
|a CAVAL
|b CAVAL
|c CAVAL
|d CARM 1 Store
|e B06967
|f A2:AR01F0
|h Other scheme
|i book
|m 0336527
|